| 000 | 00933nam a22002777a 4500 | ||
|---|---|---|---|
| 003 | DO-SdBNP | ||
| 005 | 20171129090506.0 | ||
| 008 | 171116b 1992 sp ||||| |||| 00| 0 spa d | ||
| 020 | _a843205951X | ||
| 040 |
_aBNPHU _bspa _cBNPHU |
||
| 041 | 1 | 7 |
_asps _heng |
| 092 |
_axxxx _bxxxx |
||
| 100 | 1 | _aOverbye, Dennis | |
| 240 | 1 | 0 |
_aLonely hearts of the cosmos. _lEspañol |
| 245 | 1 | 0 |
_aCorazones solitarios en el cosmos / _cDennis Overbye ; traducción de María del Mar Moya y Miquel Muntaner. |
| 260 |
_aBarcelona : _bPlaneta, _c1992. |
||
| 300 |
_a495 p., [16] p. de lám. : _bil. ; _c24 cm. |
||
| 490 | 1 |
_aDocumento _v303 |
|
| 500 | _aIncluye datos del autor en la solapa de la cubierta | ||
| 700 | 1 | 2 |
_aMoya, María del Mar, _etr. |
| 700 | 1 | 2 |
_aMuntaner, Miquel, _etr. |
| 830 | 0 |
_aDocumento _v303 |
|
| 942 |
_2ddc _cBK |
||
| 945 | _aInventariado extranjero / 2017 BT | ||
| 956 |
_aLOPEREZ _b10 _c20171116 _h0041 _iBPMSU |
||
| 999 |
_c12904 _d12904 |
||